Quizzes
Events
Quiz Creation
Community
Videos
Private Events
Remove Ads
Sign In
Join for FREE
Feedback
Dark Mode
Quiz Categories
Sports
Geography
Music
Movies
Television
Just For Fun
Miscellaneous
History
Literature
Language
Science
Gaming
Entertainment
Religion
Holiday
For Kids
Quiz Lab
Recent
Popular Today
Quiz Kudos Today
Editor Picks
Curator Picks
Quizzes by...
Day
Popularity
Type
Ratings
Length
Year
Community
Subscriptions
Recent Discussions
Orange Saloon
Badges
Playlists
Quests
Create
Leaderboards
Showdown
Live 5
Trivia Bingo
Activity
Puzzle Library
Sporcle Events
Private Events
Virtual Trivia
Globe League
Become a Host
Pub Owners
SporcleCon
Opinionation
Our Games
Videos
Blog
Mobile Apps
Partnerships
Remove Ads and Go Orange
Feedback
Gaming
Video Games
Board Games
Card Games
Pokémon
Mario
Nintendo
Minecraft
Console
Toys
Legend of Zelda
Gaming
Video Games
Board Games
Card Games
Pokémon
Mario
Nintendo
Minecraft
Console
Toys
Legend of Zelda
Random Quiz
Search Sporcle
×
Quiz Lab
Quiz Lab
Gaming
Hero
Type in answers that appear in a list
Type in answers that appear in a list
Classic
Best Score? Go Orange.
The Guitar Hero Trivia Stats
Can you name the things I mention?
By
Danni
10m
75 Questions
483 Plays
483 Plays
483 Plays
Comments
Comments
Give Quiz Kudos
Give Quiz Kudos
-
- Ratings
hide this ad
Forced Order
Answers have to be entered in order
Answers have to be entered in order
Replay
Link that replays current quiz
Next Quiz
Link to next quiz in quiz playlist
You Got
0%
They Got
Avg Score
26%
Avg Friend Score
Upgrade to see
Score Distribution
Jump to the score distribution portion of the page
Score
0/75
Timer
10:00
0
Plays Today
Clue
Answer
% Correct
Up to World Tour, what were the four difficulty levels?
Easy, Medium, Hard, Expert
84.3%
There are five fret buttons in the game. They are:
Green, Red, Yellow, Blue, Orange
81.2%
It was originally released in:
2005
80.7%
Guitar Hero was originally developed by:
Harmonix
77.4%
Guitar Hero II was released in:
2006
71.2%
The thing you activate to get more points for notes is called:
Star Power
70.8%
What other console, beside the PS2, was Guitar Hero II released for?
Xbox 360
59.8%
Harmonix went on an created a new series called?
Rock Band
59%
What is the name of the infamously hard song on Guitar Hero III
Through the Fire and Flames
58.4%
What was the first game that focused on a certain band called?
Guitar Hero: Aerosmith
58.2%
Guitar Hero had how many career songs?
30
56.3%
The last boss of Guitar Hero III is called:
Lou
56.3%
On October 26, 2008, Neversoft released a Guitar Hero game called?
Guitar Hero: World Tour
54.2%
What hip-
hop artists appeared in that game?
Run-D.M.C.
44.1%
What was the first DS game?
Guitar Hero: On Tour
43.9%
What is the hardest song in the game?
Jordan
42%
A legendary heavy metal singer appeared in that game. His name is:
Ozzy Osbourne
40.6%
What developer continued with Guitar Hero after Harmonix stopped?
Neversoft
39.3%
What does 'FC' stand for?
Full Combo
38.1%
What is the name of the guitar player in the band previously mentioned?
Joe Perry
38.1%
The Metallica song of that game is called
Trapped Under Ice
36.6%
The Joe Satriani song of that game is called
Satch Boogie
36%
Did the band have to re-
record any songs?
No
32.3%
Did that game have Jordan in it?
No
31.1%
The first spin-
off was called:
Guitar Hero Encore: Rocks the 80s
30.6%
Guitar Hero: World Tour featured a trailer for a Guitar Hero game called:
Guitar Hero: Metallica
30%
The game released on October 26, Guitar Hero was no longer just a guitar game. Now it was a:
Full Band
28.8%
A new 2 player game mode was released with Guitar Hero III. Players collect powers to sabotage their opponent. You use it in boss battles. It is called:
Battle Mode
28.4%
What is the name of the musician who covered 'The Devil Went Down to Georgia'?
Steve Ouimette
25.5%
Beside a number of songs from the original four Guitar Heros, there is a song called Back in the Saddle. By whom is it?
Aerosmith
24.8%
Guitar Hero had how many characters?
8
24.6%
2 guitarists appeared in the game and wrote a boss battle song. Their names are:
Ted Nugent, Zakk Wylde
24.4%
The game included how many songs?
86
23.2%
What was the new feature in the career for Guitar Hero II?
Encores
22.4%
Are you getting tired yet?
No
21.9%
Guitar Hero III included 3 celebrity rock stars. They are called:
Tom Morello, Slash, Bret Michaels
21.5%
What celebrity was featured in the game but later Neversoft was sued for using?
Kurt Cobain
19.7%
Guitar Hero is still released on the PS2. True or False?
True
19.7%
Clue
Answer
% Correct
There are a handful of 'live' songs in the game. Make It wit Chu is one of them. True or False?
False
19%
Of what year?
2009
18.6%
What is the name of the Stone Temple Pilots song in that game?
Sex Type Thing
17.8%
What is the name of the guitar you recieve after 5* every song in the career in Guitar Hero II?
The Log
16.4%
What is the most difficult song of that game?
Through the Fire and Flames
16.4%
One last question. Are there Guitar Hero games for mobile phones?
Yes
15.7%
What is the third band game released on December 22, 2009?
Guitar Hero: Van Halen
15.1%
How many songs are in that game?
85
14.3%
What is the name of the game developed by Beenox?
Guitar Hero: Smash Hits
13%
What other celebrity, beside the band of the game I'm talking about appeared in the game?
King Diamond
12.6%
What is the hardest song to 100% in the DS game?
I Don't Wanna Stop
11%
The band has 4 members. What does the guitarist, bassist and drummer have in common
Van Halen
11%
What is the name of the second DS game?
Guitar Hero: On Tour: Decades
10.8%
Two previous members of the band were not featured. Their names were:
Cliff Burton, Jason Newsted
10.6%
What other now dead celebrity appeared in that game?
Johnny Cash
10.6%
Jeff Beck had a song in that game. What is it called?
Scatterbrain
10.6%
How many songs are in that game?
48
9.9%
Character creator was introduced in what game?
Guitar Hero: World Tour
9.7%
Done with Everything, Die for Nothing was by what band?
Children of Bodom
9.1%
What is the name of the places your characters play at?
Venues
8.9%
Three songs from Rock Band were not in the game. They were of course by the band.
Blackened, And Justice for All, Ride the Lightning
8.3%
Who developed it?
Vicarious Visions
7.9%
There is a free rhythm game on the internet. It can be modded to look like a Guitar Hero game. What is it's name?
Frets on Fire
7.7%
What is the drummer of that band?
Alex Van Halen
7.5%
What is the name of the forum, which now hold around 400,000 members?
ScoreHero
7%
What were the three new characters introduced in Guitar Hero II?
Eddie Knox, Lars Umlaut, Casey Lynch
6.8%
What is the last song in the career?
21st Century Schizoid Man
6.8%
A legendary bass player was in the game. What is his name?
Lemmy Kilmister
6%
What is the name of the Beastie Boys song?
Gratitude
5.6%
On what day was Guitar Hero 5 released?
September 1
4.8%
Sometimes, people want to create their own songs. In most cases the songs are by a famous band. What is the name of the songs you put in the games yourself?
Customs
4.8%
What is the name of the songs released as DLC, that are the only ones Wavegroup covered (2 songs)
Black Betty, Gimme All Your Lovin'
2.5%
It includes 2 intrumental songs. They are called:
Eruption, Spanish Fly, Cathedral
1.9%
What day was it released on?
June 16
1.7%
Two games were released on the same day of June the 9th. They are called:
Rock Band Unplugged, Guitar Hero: On Tour: Modern Hits
1%
For which systems?
PSP, DS
1%
The first of that kind of song?
The Stroke
1%
Quiz Playlist
Details
Report
Send in Message
Add To Playlist
Classic:
Type in answers that appear in a list
Forced Order:
Answers have to be entered in order
Last Updated: Feb 16, 2017
Quiz Scoreboard
CHALLENGE
Sign Up to Join the Scoreboard
Show All
Scores
Hide
Comments
May contain spoilers
Recently Published
Presidents Visiting Landmarks
by Hejman
History
7m
An Introduction to Baseball
by treessimontrees
Sports
5m
Movies - When Are They Set?
by FPL_Elf
Movies
5m
More to Explore
Quiz From the Vault
Featured Blog Post
Where Did the Easter Bunny Come From?
hide this ad
You Might Also Like...
Tags
guitar
Hero
mentions
Today's Top Quizzes in Gaming
Browse Gaming
hide this ad
Today's Top Quizzes in Hero
Browse Hero
Top Contributed Quizzes in Gaming
1
5-to-1: Consoles
2
7-to-1: Board Game Piece Blitz
3
5-to-1: Legend of Zelda
4
Destiny 2 exotic weapons by perk icons
5
Ultimate Genshin Impact Logic Puzzle (up to 4.3)
6
Franchise by Action Figure
7
Overwatch Logic Puzzle
8
Who's on the WWE 2K24 Cover?
9
Genshin Impact Logic Puzzle Quiz
10
Windmill: Pokémon
Explore More
Trending Topics
Anime
Harry Potter
Marvel
NBA
Disney
Kpop
Crossword
Pokémon
Puzzle
WWE
Soccer
Country
Song
NFL
The Office
hide this ad
More By:
Danni
Quiz
Plays
Rating
Category
Featured
Created
Top 100 Rock/Metal Bassists
860
2.25
Music
Nov 9, 2009
IMDB Top 250 List (1/1/2012)
526
3.00
Movies
Jan 23, 2012
The Guitar Hero Trivia
483
1.55
Gaming
Nov 18, 2009
Hotline Miami Trivia
421
5.00
Gaming
Jan 4, 2013
Ratchet & Clank planets and locations
399
2.33
Gaming
Nov 26, 2010
Go to Creator's Profile
Score Distribution
Quiz Creator Spotlight
Danni
Follow
Send a Message
Quizzes Created
-
Created Quiz Play Count
-
More By This Creator
Popular Quizzes Today
1
Find the US States - No Outlines Minefield
2
Find the Countries of Europe - No Outlines Minefield
3
The Countries of the World
4
Find the US States
5
Popular People in 1961
6
US States
7
Risky Map Clicking: Biggest States A-Z
8
Movies - When Are They Set?
More Gaming Quizzes
Nintendo Series by Villains
Published
Trending Quizzes
Risky Map Clicking: Least Populous States A-Z
1-10 Letter G Words
1-10 Letter F Words
Risky Map Clicking: Next State Alphabetically
Risky Map Clicking: Biggest States A-Z
Recently Updated
Leaping Animals
pecheneg
Reality TV Shows (A-Z)
bhenderson79
Rickey Henderson's Hall of Fame Teammates
pecheneg
Champions League XIs: Arsenal
pecheneg
Quick Pick: Celebrities in WWE's Hall of Fame
aduchscher
A-Z Keypad Blitz II
pecheneg
Multiple Oscar Actors
pecheneg
Mystery Phrase Blitz: Oscar 'Best Actors'
pecheneg
F. Scott Fitzgerald Novels
LTH
Pick 3 Villains
ddd62291
Trending Topics
Marvel
NBA
Crossword
Disney
Harry Potter
Anime
Kpop
NFL
Soccer
Song
Country
The Office
WWE
Pokémon
Puzzle
Your Account Isn't Verified!
In order to create a playlist on Sporcle, you need to verify the email address you used during registration. Go to your
Sporcle Settings
to finish the process.
Report this User
Report this user for behavior that violates our
Community Guidelines
.
Details:
Send Report
Go to the Sporcle.com Mobile Site →
Comments